[Event "Pan American-ch U16"]
[Site "San Jose"]
[Date "2017.07.01"]
[Round "1"]
[White "Mendez Moreno, Kevin Alberto"]
[Black "Sun Chin, Robert Patrick"]
[Result "1/2-1/2"]
[WhiteElo "1506"]
[BlackElo "2002"]
[PlyCount "118"]
[EventDate "2017.07.01"]
[EventType "swiss"]
[EventRounds "9"]
[EventCountry "CRI"]
[SourceTitle "EXT 2022"]
[Source "ChessBase"]
[SourceDate "2021.10.06"]
[SourceVersion "1"]
[SourceVersionDate "2021.10.06"]
[SourceQuality "1"]

1. e4 c5 2. Nf3 d6 3. Bb5+ Nd7 4. Bxd7+ Bxd7 5. c4 Nf6 6. Nc3 g6 7. d3 Bg7 8. 0-0 0-0 9. h3 Rb8 10. Rb1 b5 11. Nxb5 Bxb5 12. cxb5 Rxb5 13. b3 Qa5 14. Qd2 Qa6 15. Qc2 Rc8 16. Be3 Rb6 17. Nd2 Rbc6 18. Qc4 Nd7 19. f4 Qxa2 20. f5 Ne5 21. Qd5 Re8 22. b4 Qxd5 23. exd5 Rc7 24. bxc5 dxc5 25. fxg6 hxg6 26. d4 cxd4 27. Bxd4 Rd8 28. Rb5 Rcd7 29. d6 Rxd6 30. Bxe5 Rxd2 31. Bxg7 Kxg7 32. Ra5 Rc2 33. Rxa7 Rdd2 34. Re1 Rxg2+ 35. Kh1 Rh2+ 36. Kg1 Rxh3 37. Raxe7 Rf3 38. R1e4 g5 39. Rg4 Kg6 40. Rc4 f5 41. Re8 Rd3 42. Re1 g4 43. Rf4 Kg5 44. Ref1 Rd5 45. Kh1 Re5 46. Kg1 Rc1 47. Kh1 Re4 48. R4f2 f4 49. Kg2 g3 50. Rf3 Kg4 51. Kg1 Rc5 52. Kh1 Rc2 53. Kg1 g2 54. R1f2 Re1+ 55. Kxg2 Rc4 56. Ra3 Rcc1 57. Raa2 Rg1+ 58. Kh2 Rh1+ 59. Kg2 Rhg1+ 1/2-1/2